[Event "106th British-ch Major 2019"]
[Site "Torquay"]
[Date "2019.08.03"]
[Round "8.2"]
[White "Lentzos, Ioanis"]
[Black "Taylor, Adam A"]
[Result "1/2-1/2"]
[WhiteElo "2043"]
[BlackElo "2168"]
[Annotator "NA"]
[PlyCount "43"]
[EventDate "2019.07.27"]
[EventType "swiss"]
[EventCountry "GBR"]
[SourceTitle "playchess.com"]
[Source "ChessBase"]
[SourceQuality "1"]
[TimeControl "40/5400+30:1800+30"]

1. c4 {[%emt 0:00:00]} c5 {[%emt 0:00:00]} 2. Nc3 {[%emt 0:00:00]} Nc6 {[%emt 0:00:00]} 3. g3 {[%emt 0:00:00]} g6 {[%emt 0:00:00]} 4. Bg2 {[%emt 0:00:00]} Bg7 {[%emt 0:00:00]} 5. a3 {[%emt 0:00:00]} e6 {[%emt 0:09:38]} 6. b4 {[%emt 0:02:09]} Nxb4 {[%emt 0:17:03]} 7. axb4 {[%emt 0:00:10]} cxb4 {[%emt 0:00:02]} 8. d4 {[%emt 0:00:19]} bxc3 {[%emt 0:00:08]} 9. e3 {[%emt 0:00:35]} Ne7 {[%emt 0:01:06]} 10. Ne2 {[%emt 0:03:55]} O-O {[%emt 0:01:41]} 11. Nxc3 {[%emt 0:02:16]} d6 {[%emt 0:09:19]} 12. O-O {[%emt 0:07:34]} e5 {[%emt 0:12:49]} 13. Nb5 {[%emt 0:27:47]} exd4 {[%emt 0:01:09]} 14. exd4 {[%emt 0:00:10]} Be6 {[%emt 0:09:18]} 15. Ra4 {[%emt 0:09:04]} Rc8 {[%emt 0:12:10]} 16. d5 {[%emt 0:03:31]} Bd7 {[%emt 0:00:46]} 17. Rxa7 {[%emt 0:01:49]} Bxb5 {[%emt 0:05:04]} 18. cxb5 {[%emt 0:00:12]} Qb6 {[%emt 0:00:04]} 19. Be3 {[%emt 0:00:12]} Qxb5 {[%emt 0:01:03]} 20. Qb1 {[%emt 0:00:08]} Qxb1 {[%emt 0:06:24]} 21. Rxb1 {[%emt 0:00:05]} Rc2 {[%emt 0:00:08]} 22. Raxb7 {[%emt 0:09:22]} 1/2-1/2

[Event "106th British-ch Major 2019"]
[Site "Torquay"]
[Date "2019.08.03"]
[Round "8.3"]
[White "Balaji, Aaravamudhan"]
[Black "Payne, Matthew J"]
[Result "1-0"]
[WhiteElo "2034"]
[BlackElo "2168"]
[Annotator "NA"]
[PlyCount "77"]
[EventDate "2019.07.27"]
[EventType "swiss"]
[EventCountry "GBR"]
[SourceTitle "playchess.com"]
[Source "ChessBase"]
[SourceQuality "1"]
[TimeControl "40/5400+30:1800+30"]

1. d4 {[%emt 0:00:00]} Nf6 {[%emt 0:00:00]} 2. c4 {[%emt 0:00:00]} g6 {[%emt 0:00:00]} 3. Nc3 {[%emt 0:00:00]} Bg7 {[%emt 0:00:00]} 4. e4 {[%emt 0:00:00]} d6 {[%emt 0:00:00]} 5. Be2 {[%emt 0:00:00]} O-O {[%emt 0:00:10]} 6. Be3 {[%emt 0:00:00]} e5 {[%emt 0:00:07]} 7. d5 {[%emt 0:00:04]} a5 {[%emt 0:00:15]} 8. g4 {[%emt 0:00:04]} Na6 {[%emt 0:00:09]} 9. g5 {[%emt 0:00:14]} Nd7 {[%emt 0:03:24]} 10. h4 {[%emt 0:00:10]} Nac5 {[%emt 0:13:20]} 11. h5 {[%emt 0:03:48]} f5 {[%emt 0:17:01]} 12. gxf6 {[%emt 0:00:50]} Nxf6 {[%emt 0:00:30]} 13. hxg6 {[%emt 0:10:16]} hxg6 {[%emt 0:00:14]} 14. Bf3 {[%emt 0:06:27]} c6 {[%emt 0:06:26]} 15. Qe2 {[%emt 0:08:16]} cxd5 {[%emt 0:04:56]} 16. cxd5 {[%emt 0:02:51]} b6 {[%emt 0:06:09]} 17. Qd2 {[%emt 0:16:07]} Ng4 {[%emt 0:05:26]} 18. Bg5 {[%emt 0:04:44]} Nd3+ {[%emt 0:03:25]} 19. Kf1 {[%emt 0:01:10]} Qd7 {[%emt 0:00:08]} 20. Nd1 {[%emt 0:05:12]} Ba6 {[%emt 0:01:07]} 21. Rh4 {[%emt 0:03:32]} Rxf3 {[%emt 0:26:25]} 22. Nxf3 {[%emt 0:00:12]} Ndxf2+ {[%emt 0:00:15]} 23. Kg1 {[%emt 0:04:36]} Nxe4 {[%emt 0:00:17]} 24. Qg2 {[%emt 0:00:41]} Nxg5 {[%emt 0:01:11]} 25. Nxg5 {[%emt 0:00:55]} Nf6 {[%emt 0:02:59]} 26. Ne6 {[%emt 0:03:02]} Bd3 {[%emt 0:00:23]} 27. Ne3 {[%emt 0:07:23]} Rc8 {[%emt 0:00:50]} 28. Rd1 {[%emt 0:03:47]} Qb5 {[%emt 0:00:35]} 29. Qd2 {[%emt 0:02:06]} e4 {[%emt 0:03:39]} 30. Qg2 {[%emt 0:01:27]} Kf7 {[%emt 0:02:28]} 31. Nxg7 {[%emt 0:02:18]} Qc5 {[%emt 0:00:04]} 32. Qg5 {[%emt 0:02:34]} Kxg7 {[%emt 0:00:28]} 33. Rh6 {[%emt 0:00:03]} Qxe3+ 34. Qxe3 {[%emt 0:00:02]} Ng4 {[%emt 0:02:22]} 35. Qh3 {[%emt 0:00:12]} Be2 {[%emt 0:00:26]} 36. Rh7+ {[%emt 0:00:29]} Kf6 {[%emt 0:00:01]} 37. Re1 {[%emt 0:00:17]} Bf3 {[%emt 0:00:10]} 38. Qg3 {[%emt 0:00:06]} Ne5 {[%emt 0:00:17]} 39. Qf4# {[%emt 0:00:02]} 1-0

[Event "106th British-ch Major 2019"]
[Site "Torquay"]
[Date "2019.08.03"]
[Round "8.4"]
[White "Turner, Max N"]
[Black "Cleary, Mark"]
[Result "1-0"]
[WhiteElo "2026"]
[BlackElo "2023"]
[Annotator "NA"]
[PlyCount "37"]
[EventDate "2019.07.27"]
[EventType "swiss"]
[EventCountry "GBR"]
[SourceTitle "playchess.com"]
[Source "ChessBase"]
[SourceQuality "1"]
[TimeControl "40/5400+30:1800+30"]

1. d4 {[%emt 0:00:00]} f5 {[%emt 0:00:00]} 2. g3 {[%emt 0:00:00]} Nf6 {[%emt 0:00:00]} 3. Bg2 {[%emt 0:00:00]} g6 {[%emt 0:00:03]} 4. Nf3 {[%emt 0:00:00]} Bg7 {[%emt 0:00:10]} 5. O-O {[%emt 0:00:08]} O-O {[%emt 0:00:18]} 6. c4 {[%emt 0:00:06]} d6 {[%emt 0:00:08]} 7. Nc3 {[%emt 0:00:05]} Qe8 {[%emt 0:00:13]} 8. d5 {[%emt 0:01:34]} Na6 {[%emt 0:00:53]} 9. Rb1 {[%emt 0:01:00]} Nc5 {[%emt 0:01:04]} 10. Be3 {[%emt 0:00:31]} e5 {[%emt 0:14:33]} 11. dxe6 {[%emt 0:02:50]} Bxe6 {[%emt 0:04:07]} 12. b3 {[%emt 0:02:14]} Nfe4 {[%emt 0:03:03]} 13. Nxe4 {[%emt 0:03:14]} Nxe4 {[%emt 0:00:28]} 14. Bd4 {[%emt 0:02:22]} Nc3 {[%emt 0:01:41]} 15. Bxc3 {[%emt 0:00:30]} Bxc3 {[%emt 0:00:09]} 16. Nd4 {[%emt 0:02:44]} Bc8 {[%emt 0:13:54]} 17. Nb5 {[%emt 0:02:35]} Ba5 {[%emt 0:00:25]} 18. Nxd6 {[%emt 0:01:33]} Qe7 {[%emt 0:13:08]} 19. Nxc8 {[%emt 0:00:52]} 1-0

[Event "106th British-ch Major 2019"]
[Site "Torquay"]
[Date "2019.08.03"]
[Round "8.5"]
[White "Ethelontis, Alexandros N"]
[Black "Ashworth, Michael"]
[Result "1-0"]
[WhiteElo "2154"]
[BlackElo "1957"]
[Annotator "NA"]
[PlyCount "69"]
[EventDate "2019.07.27"]
[EventType "swiss"]
[EventCountry "GBR"]
[SourceTitle "playchess.com"]
[Source "ChessBase"]
[SourceQuality "1"]
[TimeControl "40/5400+30:1800+30"]

1. c4 {[%emt 0:00:00]} g6 {[%emt 0:00:00]} 2. Nc3 {[%emt 0:00:00]} Bg7 {[%emt 0:00:00]} 3. g3 {[%emt 0:00:42]} e5 {[%emt 0:00:00]} 4. Bg2 {[%emt 0:00:13]} d6 {[%emt 0:00:13]} 5. e3 {[%emt 0:02:03]} f5 {[%emt 0:05:24]} 6. Nge2 {[%emt 0:00:53]} Nf6 {[%emt 0:00:37]} 7. O-O {[%emt 0:01:59]} O-O {[%emt 0:01:42]} 8. d3 {[%emt 0:04:33]} a5 {[%emt 0:08:14]} 9. Rb1 {[%emt 0:05:38]} Na6 {[%emt 0:04:26]} 10. a3 {[%emt 0:01:32]} c6 {[%emt 0:14:22]} 11. b4 {[%emt 0:05:25]} axb4 {[%emt 0:04:07]} 12. axb4 {[%emt 0:00:08]} Nc7 {[%emt 0:00:46]} 13. b5 {[%emt 0:19:20]} d5 {[%emt 0:13:05]} 14. bxc6 {[%emt 0:06:20]} bxc6 {[%emt 0:00:06]} 15. cxd5 {[%emt 0:06:47]} cxd5 {[%emt 0:00:17]} 16. Qb3 {[%emt 0:05:12]} Be6 {[%emt 0:11:58]} 17. d4 {[%emt 0:01:31]} Ne4 {[%emt 0:11:19]} 18. Rd1 {[%emt 0:08:16]} Rb8 {[%emt 0:05:23]} 19. Qc2 {[%emt 0:02:04]} Nxc3 {[%emt 0:03:39]} 20. Nxc3 {[%emt 0:00:15]} exd4 {[%emt 0:00:45]} 21. exd4 {[%emt 0:03:03]} Qd7 {[%emt 0:01:54]} 22. Bf4 {[%emt 0:02:36]} Rxb1 {[%emt 0:05:00]} 23. Qxb1 {[%emt 0:00:48]} Rd8 {[%emt 0:00:36]} 24. Qb6 {[%emt 0:06:29]} Ne8 {[%emt 0:00:54]} 25. Re1 {[%emt 0:02:05]} Kf7 {[%emt 0:02:19]} 26. Na4 {[%emt 0:05:14]} Rc8 {[%emt 0:03:34]} 27. Nc5 {[%emt 0:00:43]} Bxd4 {[%emt 0:00:48]} 28. Qxe6+ {[%emt 0:03:28]} Qxe6 {[%emt 0:00:05]} 29. Nxe6 {[%emt 0:00:13]} Bc3 {[%emt 0:00:50]} 30. Ng5+ {[%emt 0:00:32]} Kg7 {[%emt 0:00:39]} 31. Re7+ {[%emt 0:01:10]} Kf8 {[%emt 0:00:51]} 32. Rf7+ {[%emt 0:00:24]} Kg8 {[%emt 0:00:06]} 33. Bxd5 {[%emt 0:01:20]} Rc5 {[%emt 0:01:48]} 34. Rxf5+ {[%emt 0:01:13]} Kh8 {[%emt 0:00:35]} 35. Rf8+ {[%emt 0:00:49]} 1-0

[Event "106th British-ch Major 2019"]
[Site "Torquay"]
[Date "2019.08.03"]
[Round "8.6"]
[White "Gardiner, Eric D"]
[Black "Miller, Dominic"]
[Result "0-1"]
[WhiteElo "1957"]
[BlackElo "2140"]
[Annotator "NA"]
[PlyCount "72"]
[EventDate "2019.07.27"]
[EventType "swiss"]
[EventCountry "GBR"]
[SourceTitle "playchess.com"]
[Source "ChessBase"]
[SourceQuality "1"]
[TimeControl "40/5400+30:1800+30"]

1. d4 {[%emt 0:00:00]} Nf6 {[%emt 0:00:00]} 2. Bg5 {[%emt 0:00:00]} d5 {[%emt 0:00:00]} 3. Bxf6 {[%emt 0:00:00]} gxf6 {[%emt 0:00:00]} 4. c4 {[%emt 0:00:27]} dxc4 {[%emt 0:00:00]} 5. e3 {[%emt 0:00:11]} c5 {[%emt 0:00:03]} 6. Bxc4 {[%emt 0:00:43]} cxd4 {[%emt 0:00:06]} 7. exd4 {[%emt 0:00:28]} Bg7 {[%emt 0:00:24]} 8. Ne2 {[%emt 0:00:19]} O-O {[%emt 0:00:06]} 9. Nbc3 {[%emt 0:00:16]} Nc6 {[%emt 0:00:06]} 10. O-O {[%emt 0:00:20]} f5 {[%emt 0:00:10]} 11. Re1 {[%emt 0:01:12]} Qd6 {[%emt 0:01:15]} 12. Nb5 {[%emt 0:12:42]} Qh6 {[%emt 0:06:34]} 13. Qc1 {[%emt 0:12:51]} Bd7 {[%emt 0:03:07]} 14. Qxh6 {[%emt 0:03:08]} Bxh6 {[%emt 0:00:02]} 15. f4 {[%emt 0:01:00]} Rac8 {[%emt 0:11:07]} 16. b3 {[%emt 0:19:52]} a6 {[%emt 0:25:13]} 17. Na3 {[%emt 0:01:45]} b5 {[%emt 0:03:00]} 18. Bd3 {[%emt 0:00:17]} Nb4 {[%emt 0:00:09]} 19. Red1 {[%emt 0:00:42]} Rc6 {[%emt 0:01:35]} 20. g3 {[%emt 0:10:23]} e6 {[%emt 0:06:34]} 21. Rd2 {[%emt 0:01:33]} Rfc8 {[%emt 0:00:44]} 22. Rad1 {[%emt 0:01:45]} Bf8 {[%emt 0:07:34]} 23. Bb1 {[%emt 0:03:39]} R8c7 {[%emt 0:05:11]} 24. Kf2 {[%emt 0:01:31]} Bc8 {[%emt 0:02:39]} 25. Kg1 {[%emt 0:02:21]} Bb7 {[%emt 0:00:35]} 26. Kf2 {[%emt 0:00:30]} Rc8 {[%emt 0:03:22]} 27. Kg1 {[%emt 0:17:07]} Be7 {[%emt 0:00:11]} 28. Kf2 {[%emt 0:00:45]} Bd8 {[%emt 0:07:28]} 29. Kg1 {[%emt 0:02:47]} Ba5 {[%emt 0:01:01]} 30. Rb2 {[%emt 0:01:37]} Nd5 {[%emt 0:03:51]} 31. Bd3 {[%emt 0:01:40]} Ne3 {[%emt 0:00:25]} 32. Ra1 {[%emt 0:00:52]} Bb4 {[%emt 0:00:07]} 33. Nb1 {[%emt 0:00:46]} Rc1+ {[%emt 0:00:30]} 34. Nxc1 {[%emt 0:00:51]} Rxc1+ {[%emt 0:00:04]} 35. Kf2 {[%emt 0:00:16]} Ng4+ {[%emt 0:00:04]} 36. Ke2 {[%emt 0:00:10]} Re1# {[%emt 0:00:04]} 0-1

[Event "106th British-ch Major 2019"]
[Site "Torquay"]
[Date "2019.08.03"]
[Round "8.7"]
[White "Rogacewicz, Mikolaj"]
[Black "Price, Gwilym"]
[Result "0-1"]
[WhiteElo "1925"]
[BlackElo "2138"]
[Annotator "ChessBase"]
[PlyCount "130"]
[EventDate "2019.07.27"]
[EventType "swiss"]
[EventCountry "GBR"]
[SourceTitle "playchess.com"]
[Source "ChessBase"]
[SourceQuality "1"]
[TimeControl "40/5400+30:1800+30"]

1. d4 {[%emt 0:00:00]} Nf6 {[%emt 0:00:00]} 2. c4 {[%emt 0:00:00]} g6 {[%emt 0:00:00]} 3. Nc3 {[%emt 0:00:00]} Bg7 {[%emt 0:00:00]} 4. e4 {[%emt 0:00:02]} d6 {[%emt 0:00:00]} 5. f3 {[%emt 0:00:06]} O-O {[%emt 0:00:04]} 6. Be3 {[%emt 0:00:10]} c5 {[%emt 0:00:11]} 7. Nge2 {[%emt 0:01:51]} Nc6 {[%emt 0:00:08]} 8. d5 {[%emt 0:00:21]} Ne5 {[%emt 0:00:05]} 9. Ng3 {[%emt 0:00:08]} h5 {[%emt 0:00:08]} 10. Be2 {[%emt 0:00:27]} h4 {[%emt 0:00:05]} 11. Nf1 {[%emt 0:00:14]} e6 {[%emt 0:00:33]} 12. Bg5 {[%emt 0:06:16]} h3 {[%emt 0:06:23]} 13. gxh3 {[%emt 0:05:59]} exd5 {[%emt 0:09:58]} 14. Nxd5 {[%emt 0:04:09]} Bxh3 {[%emt 0:05:30]} 15. Nfe3 {[%emt 0:02:18]} Nxd5 {[%emt 0:06:59]} 16. Bxd8 {[%emt 0:00:44]} Nxe3 {[%emt 0:00:07]} 17. Qb3 {[%emt 0:16:36]} Ng2+ {[%emt 0:12:08]} 18. Kf2 {[%emt 0:00:19]} Raxd8 {[%emt 0:01:47]} 19. Kg3 {[%emt 0:00:58]} Bh6 {[%emt 0:05:39]} 20. Bf1 {[%emt 0:01:40]} f5 {[%emt 0:06:17]} 21. Bxg2 {[%emt 0:05:16]} fxe4 {[%emt 0:00:44]} 22. fxe4 {[%emt 0:02:30]} Bxg2 {[%emt 0:02:03]} 23. Kxg2 {[%emt 0:00:21]} b6 {[%emt 0:03:07]} 24. Qh3 {[%emt 0:13:34]} Kg7 {[%emt 0:08:19]} 25. Rhf1 {[%emt 0:08:26]} Bf4 {[%emt 0:03:51]} 26. Qc3 {[%emt 0:02:07]} Rd7 {[%emt 0:02:22]} 27. Rad1 {[%emt 0:04:32]} g5 {[%emt 0:01:35]} 28. b3 {[%emt 0:02:47]} Rf6 {[%emt 0:02:46]} 29. h3 {[%emt 0:02:57]} Kg6 {[%emt 0:03:37]} 30. Rd5 {[%emt 0:02:14]} Kf7 {[%emt 0:04:59]} 31. b4 {[%emt 0:02:54]} cxb4 {[%emt 0:02:24]} 32. Qxb4 {[%emt 0:00:47]} Ng6 {[%emt 0:01:47]} 33. Qb5 {[%emt 0:02:52]} Rc7 {[%emt 0:02:26]} 34. Rd3 {[%emt 0:01:00]} Ke7 {[%emt 0:01:37]} 35. Ra3 {[%emt 0:01:57]} Ne5 {[%emt 0:00:42]} 36. Ra4 {[%emt 0:03:00]} Rf7 {[%emt 0:02:23]} 37. Qd5 {[%emt 0:01:56]} Rf8 {[%emt 0:01:06]} 38. Rb4 {[%emt 0:01:16]} Rfc8 {[%emt 0:02:35]} 39. h4 {[%emt 0:02:34]} Ng4 {[%emt 0:02:15]} 40. Rb3 {[%emt 0:00:43]} Rxc4 {[%emt 0:00:46]} 41. hxg5 {[%emt 0:04:16]} Rc2+ {[%emt 0:04:54]} 42. Kh3 {[%emt 0:07:01]} Nf2+ {[%emt 0:07:09]} 43. Rxf2 {[%emt 0:00:06]} Rh8+ {[%emt 0:00:24]} 44. Kg4 {[%emt 0:02:26]} Rxf2 {[%emt 0:00:15]} 45. Rc3 {[%emt 0:15:26]} Be5 {[%emt 0:05:49]} 46. Rc7+ {[%emt 0:00:42]} Kd8 {[%emt 0:00:20]} 47. Rf7 {[%emt 0:01:18]} Rg2+ {[%emt 0:00:36]} 48. Kf5 {[%emt 0:01:56]} Rf2+ {[%emt 0:00:10]} 49. Kg6 {[%emt 0:01:20]} Rg8+ {[%emt 0:00:08]} 50. Kh5 {[%emt 0:00:18]} Rh8+ {[%emt 0:00:31]} 51. Kg4 {[%emt 0:00:07]} Rg2+ {[%emt 0:00:08]} 52. Kf3 {[%emt 0:01:03]} Rg3+ {[%emt 0:00:14]} 53. Ke2 {[%emt 0:00:57]} Rh2+ {[%emt 0:00:08]} 54. Rf2 {[%emt 0:00:20]} Rxf2+ {[%emt 0:00:28]} 55. Kxf2 {[%emt 0:00:04]} Rxg5 {[%emt 0:00:10]} 56. Qa8+ {[%emt 0:00:16]} Kc7 {[%emt 0:01:01]} 57. Qxa7+ {[%emt 0:00:11]} Kc6 {[%emt 0:00:40]} 58. Qa4+ {[%emt 0:00:48]} Kb7 {[%emt 0:04:42]} 59. Qd7+ {[%emt 0:01:34]} Ka6 {[%emt 0:00:07]} 60. Qc8+ {[%emt 0:00:51]} Ka7 {[%emt 0:00:29]} 61. Qc7+ {[%emt 0:00:42]} Ka6 {[%emt 0:00:03]} 62. Qc4+ {[%emt 0:00:30]} Ka7 {[%emt 0:01:21]} 63. a4 {[%emt 0:01:28]} Rg7 {[%emt 0:00:39]} 64. Qb5 {[%emt 0:00:36]} Rc7 {[%emt 0:01:28]} 65. Kf3 {[%emt 0:00:50]} Rg7 {[%emt 0:01:06]} 0-1

[Event "106th British-ch Major 2019"]
[Site "Torquay"]
[Date "2019.08.03"]
[Round "8.8"]
[White "Eames, Robert S"]
[Black "Warren, Alex M"]
[Result "1-0"]
[WhiteElo "2136"]
[BlackElo "1967"]
[Annotator "NA"]
[PlyCount "130"]
[EventDate "2019.07.27"]
[EventType "swiss"]
[EventCountry "GBR"]
[SourceTitle "playchess.com"]
[Source "ChessBase"]
[SourceQuality "1"]
[TimeControl "40/5400+30:1800+30"]

1. d4 {[%emt 0:00:00]} Nf6 {[%emt 0:00:00]} 2. c4 {[%emt 0:00:10]} g6 {[%emt 0:00:00]} 3. Nc3 {[%emt 0:00:06]} Bg7 {[%emt 0:00:00]} 4. e4 {[%emt 0:00:14]} d6 {[%emt 0:00:00]} 5. f4 {[%emt 0:00:26]} c5 {[%emt 0:00:00]} 6. d5 {[%emt 0:00:31]} O-O {[%emt 0:00:48]} 7. Nf3 {[%emt 0:00:17]} e6 {[%emt 0:00:25]} 8. dxe6 {[%emt 0:00:16]} fxe6 {[%emt 0:00:34]} 9. Bd3 {[%emt 0:00:44]} Nc6 {[%emt 0:05:55]} 10. O-O {[%emt 0:00:21]} b6 {[%emt 0:05:51]} 11. Qe1 {[%emt 0:03:30]} Bb7 {[%emt 0:01:49]} 12. Ng5 {[%emt 0:02:45]} Qe7 {[%emt 0:08:15]} 13. Bd2 {[%emt 0:02:31]} Nb4 {[%emt 0:13:17]} 14. Bb1 {[%emt 0:02:41]} Nd7 {[%emt 0:08:39]} 15. Qg3 {[%emt 0:08:10]} Rae8 {[%emt 0:04:55]} 16. a3 {[%emt 0:04:18]} Nc6 {[%emt 0:03:00]} 17. e5 {[%emt 0:01:29]} Ncxe5 {[%emt 0:12:23]} 18. fxe5 {[%emt 0:04:00]} Rxf1+ {[%emt 0:00:45]} 19. Kxf1 {[%emt 0:00:07]} Bxe5 {[%emt 0:00:49]} 20. Qh3 {[%emt 0:01:36]} Rf8+ {[%emt 0:03:23]} 21. Ke2 {[%emt 0:00:37]} Bd4 {[%emt 0:04:19]} 22. Nf3 {[%emt 0:07:05]} Bxf3+ {[%emt 0:02:51]} 23. gxf3 {[%emt 0:00:17]} Ne5 {[%emt 0:00:37]} 24. Be4 {[%emt 0:02:12]} Nxc4 {[%emt 0:01:18]} 25. Bh6 {[%emt 0:01:00]} Re8 {[%emt 0:02:27]} 26. Bc6 {[%emt 0:03:23]} Rd8 {[%emt 0:03:03]} 27. Ne4 {[%emt 0:08:41]} Bf6 {[%emt 0:04:53]} 28. Kf1 {[%emt 0:05:50]} d5 {[%emt 0:01:13]} 29. Nxf6+ {[%emt 0:05:46]} Qxf6 {[%emt 0:00:01]} 30. Re1 {[%emt 0:00:23]} e5 {[%emt 0:01:59]} 31. Bd7 {[%emt 0:04:08]} e4 {[%emt 0:04:26]} 32. Qe6+ {[%emt 0:07:57]} Qf7 {[%emt 0:01:57]} 33. Qxf7+ {[%emt 0:00:38]} Kxf7 {[%emt 0:00:02]} 34. Bb5 {[%emt 0:00:50]} Nd6 {[%emt 0:04:21]} 35. Bc6 {[%emt 0:05:12]} Nf5 {[%emt 0:00:09]} 36. Bg5 {[%emt 0:01:20]} Rd6 {[%emt 0:00:16]} 37. fxe4 {[%emt 0:01:04]} Rxc6 {[%emt 0:00:42]} 38. exf5 {[%emt 0:00:10]} gxf5 {[%emt 0:00:06]} 39. Re7+ {[%emt 0:00:28]} Kg6 {[%emt 0:00:20]} 40. Bf4 {[%emt 0:01:21]} a6 {[%emt 0:00:54]} 41. Ke2 {[%emt 0:33:16]} b5 {[%emt 0:12:09]} 42. Kf3 {[%emt 0:00:00]} d4 {[%emt 0:01:35]} 43. Be5 {[%emt 0:00:00]} d3 {[%emt 0:02:54]} 44. Rg7+ {[%emt 0:00:00]} Kh6 {[%emt 0:01:31]} 45. Rd7 {[%emt 0:00:00]} c4 {[%emt 0:01:33]} 46. Kf4 {[%emt 0:00:00]} Rg6 {[%emt 0:06:56]} 47. Kxf5 {[%emt 0:00:00]} Rg5+ {[%emt 0:02:02]} 48. Ke4 {[%emt 0:00:00]} Rg1 {[%emt 0:01:56]} 49. Bf4+ {[%emt 0:00:00]} Kg6 {[%emt 0:01:06]} 50. Rd6+ {[%emt 0:00:00]} Kf7 {[%emt 0:00:25]} 51. Kf5 {[%emt 0:00:00]} Rf1 {[%emt 0:02:12]} 52. Ke4 {[%emt 0:00:00]} Ke7 {[%emt 0:01:18]} 53. Rd5 {[%emt 0:00:00]} Re1+ {[%emt 0:00:40]} 54. Kf5 {[%emt 0:00:00]} Re2 {[%emt 0:01:05]} 55. Re5+ {[%emt 0:00:00]} Rxe5+ {[%emt 0:00:10]} 56. Kxe5 {[%emt 0:00:00]} Kf7 {[%emt 0:00:53]} 57. Bd2 {[%emt 0:00:00]} Ke7 {[%emt 0:01:30]} 58. Kd5 {[%emt 0:00:00]} Kd7 {[%emt 0:00:32]} 59. Kc5 {[%emt 0:00:06]} Kc7 {[%emt 0:00:04]} 60. Ba5+ {[%emt 0:00:29]} Kb7 {[%emt 0:00:30]} 61. h4 {[%emt 0:01:06]} h5 {[%emt 0:00:17]} 62. Kd6 {[%emt 0:00:38]} d2 {[%emt 0:01:20]} 63. Bxd2 {[%emt 0:00:06]} Kb6 {[%emt 0:00:01]} 64. Bb4 {[%emt 0:03:02]} a5 {[%emt 0:00:28]} 65. Bc5+ {[%emt 0:00:06]} Kb7 {[%emt 0:00:04]} 1-0

[Event "106th British-ch Major 2019"]
[Site "Torquay"]
[Date "2019.08.03"]
[Round "8.9"]
[White "Ward, Andy"]
[Black "Hagesather, Arne"]
[Result "1/2-1/2"]
[WhiteElo "1822"]
[BlackElo "2046"]
[Annotator "NA"]
[PlyCount "92"]
[EventDate "2019.07.27"]
[EventType "swiss"]
[EventCountry "GBR"]
[SourceTitle "playchess.com"]
[Source "ChessBase"]
[SourceQuality "1"]
[TimeControl "40/5400+30:1800+30"]

1. d4 {[%emt 0:00:00]} Nf6 {[%emt 0:00:27]} 2. Nc3 {[%emt 0:00:00]} d5 {[%emt 0:01:01]} 3. Bf4 {[%emt 0:00:00]} Bf5 {[%emt 0:01:08]} 4. f3 {[%emt 0:00:00]} e6 {[%emt 0:02:08]} 5. g4 {[%emt 0:00:00]} Bg6 {[%emt 0:01:32]} 6. h4 {[%emt 0:00:01]} h6 {[%emt 0:03:21]} 7. e3 {[%emt 0:00:04]} Bd6 {[%emt 0:02:22]} 8. Nh3 {[%emt 0:00:06]} a6 {[%emt 0:09:22]} 9. Bd3 {[%emt 0:00:13]} Bxd3 {[%emt 0:04:08]} 10. Qxd3 {[%emt 0:00:07]} Nc6 {[%emt 0:04:34]} 11. O-O-O {[%emt 0:00:10]} Bxf4 {[%emt 0:03:57]} 12. Nxf4 {[%emt 0:00:10]} Qd6 {[%emt 0:00:27]} 13. g5 {[%emt 0:02:49]} Nd7 {[%emt 0:02:00]} 14. g6 {[%emt 0:03:34]} f5 {[%emt 0:03:16]} 15. Nh5 {[%emt 0:00:08]} O-O-O {[%emt 0:00:30]} 16. f4 {[%emt 0:01:07]} Ne7 {[%emt 0:02:44]} 17. Nxg7 {[%emt 0:03:16]} Rhg8 {[%emt 0:02:22]} 18. Nh5 {[%emt 0:00:12]} Rxg6 {[%emt 0:00:17]} 19. Rdg1 {[%emt 0:01:01]} Rdg8 {[%emt 0:01:38]} 20. Qd1 {[%emt 0:00:24]} c5 {[%emt 0:02:39]} 21. Rxg6 {[%emt 0:01:00]} Nxg6 {[%emt 0:01:03]} 22. Rg1 {[%emt 0:06:22]} cxd4 {[%emt 0:04:23]} 23. Qxd4 {[%emt 0:00:18]} Qe7 {[%emt 0:01:22]} 24. Na4 {[%emt 0:08:57]} Qxh4 {[%emt 0:04:59]} 25. Nb6+ {[%emt 0:01:05]} Nxb6 {[%emt 0:01:17]} 26. Qxb6 {[%emt 0:01:13]} Qe7 {[%emt 0:01:06]} 27. Qa7 {[%emt 0:02:55]} Kc7 {[%emt 0:03:17]} 28. Qd4 {[%emt 0:00:19]} Qf7 {[%emt 0:02:16]} 29. Qc5+ {[%emt 0:02:27]} Kb8 {[%emt 0:01:00]} 30. Qd6+ {[%emt 0:00:15]} Ka8 {[%emt 0:00:46]} 31. Ng3 {[%emt 0:00:33]} Ne7 {[%emt 0:07:05]} 32. Ne2 {[%emt 0:03:33]} Rxg1+ {[%emt 0:03:00]} 33. Nxg1 {[%emt 0:00:02]} Nc6 {[%emt 0:00:12]} 34. Nf3 {[%emt 0:00:37]} Qg8 {[%emt 0:03:06]} 35. b4 {[%emt 0:03:53]} Qg2 {[%emt 0:04:41]} 36. Ne5 {[%emt 0:02:43]} Nxe5 {[%emt 0:05:35]} 37. Qf8+ {[%emt 0:00:22]} Ka7 {[%emt 0:00:15]} 38. Qc5+ {[%emt 0:00:05]} Kb8 {[%emt 0:00:36]} 39. Qd6+ {[%emt 0:00:19]} Kc8 {[%emt 0:01:08]} 40. Qxe5 {[%emt 0:01:14]} Qe4 {[%emt 0:01:41]} 41. Qh8+ {[%emt 0:33:16]} Kd7 {[%emt 0:32:02]} 42. Qg7+ {[%emt 0:01:05]} Kc6 {[%emt 0:00:15]} 43. Qc3+ {[%emt 0:01:03]} Qc4 {[%emt 0:00:00]} 44. Qe5 {[%emt 0:08:15]} Qxb4 {[%emt 0:00:00]} 45. Qxe6+ {[%emt 0:00:00]} Kc5 {[%emt 0:00:00]} 46. Qc8+ {[%emt 0:00:00]} Kb6 {[%emt 0:00:00]} 1/2-1/2